000 00696nam a2200229Ii 4500
003 JO-AjNU
008 230605s9999||||xx |||||||||||||| ||und||
017 _a2017/7/3317
020 _a978-9957-608-76-7
040 _aJO-AjNU
_bara
_erda
_cJO-AjNU
041 _aara
050 1 4 _aHG4026 2018
100 3 _aالجبوري، مهدي عطية ,
_eauthor
_957921
245 0 0 _aاساسيات تمويل الشركات
250 _aط1
264 3 1 _aعمان: الدار المنهجية للنشر، 2018
300 _a663ص
336 _atext
_btxt
_2rdacontent
337 _aunmediated
_bn
_2rdamedia
338 _avolume
_bnc
_2rdacarrier
650 4 _aتمويل الشركات
_957922
999 _aA25984
_c29552
_d29552